000 00927nam a2200265 u 4500
001 64273
005 20180714071051.0
008 160602s2014 xxu r 000 0 eng d
020 _a9781628250374
041 _aeng
082 0 _a624.0684
_bCAR
100 1 _aCarson, Christopher,
_eeditor
245 1 0 _aCPM scheduling for construction :
_bbest practices and guidelines /
_cChristopher Carson, Peter Oakander, Craig Relyea (editores).
250 _a[First edition]
264 1 _aUnited States of America :
_bProject Management Institute,
_c2014
300 _aix, 304 páginas ;
_c28 cm.
336 _atexto
_2rdacontent
337 _asin mediación
_2rdamedia
338 _avolumen
_2rdacarrier
650 4 _aPlanificación
_xEdificios
650 4 _aProgramación de la producción
_xConstrucción
650 4 _aIngeniería
700 1 _aOakander, Peter,
_eeditor
700 1 _aRelyea, Craig,
_eeditor
999 _c64273
_d64273